|
|
|
|
| LEADER |
00000nam0a2200000 4500 |
| 001 |
351390 |
| 005 |
20231102010410.0 |
| 035 |
|
|
|a (RuTPU)RU\TPU\retro\6422
|
| 090 |
|
|
|a 351390
|
| 100 |
|
|
|a 20190604d1950 de y0rusy50 ca
|
| 101 |
0 |
|
|a rus
|
| 102 |
|
|
|a RU
|
| 105 |
|
|
|a a j 000zy
|
| 200 |
1 |
|
|a Элементы техники в преподавании физики
|e пособие для учителей средней школы
|f С. Л. Вальдгард
|
| 210 |
|
|
|a Москва
|c Учпедгиз
|d 1950
|
| 215 |
|
|
|a 240 с.
|c ил.
|
| 317 |
|
|
|5 63413507: КР-6493
|a Поступил в НТБ в 1987 г. в дар от вдовы ученого Е. К. Завадовской
|
| 330 |
|
|
|a Связь преподавания физики с техникой в советской школе имеет исключительно большое значение. В практике работы школ она осуществляется недостаточно. Многие преподаватели физики недостаточно знакомы с техникой, а собирание материала в существующей чрезвычайно обширной специальной литературе является для них весьма затруднительным. Настоящая книга ставит себе целью в сжатом виде дать преподавателям важнейшие сведения по технике, связанные с курсом физики, а также помочь использовать их в преподавании. Книга состоит из двух частей: I — "Механика и теплота"; II — "Электричество и оптика".
|
| 606 |
1 |
|
|a Физика
|x Методика преподавания
|2 stltpush
|3 (RuTPU)RU\TPU\subj\69743
|9 84448
|
| 610 |
1 |
|
|a механика
|
| 610 |
1 |
|
|a теплота
|
| 610 |
1 |
|
|a движение
|
| 610 |
1 |
|
|a машины
|
| 610 |
1 |
|
|a техника
|
| 610 |
1 |
|
|a жидкости
|
| 610 |
1 |
|
|a газы
|
| 610 |
1 |
|
|a скорости
|
| 610 |
1 |
|
|a расчеты
|
| 610 |
1 |
|
|a трение
|
| 610 |
1 |
|
|a сила тяжести
|
| 610 |
1 |
|
|a плавание
|
| 610 |
1 |
|
|a полеты
|
| 610 |
1 |
|
|a самолеты
|
| 610 |
1 |
|
|a динамика
|
| 610 |
1 |
|
|a нагревание
|
| 610 |
1 |
|
|a парообразование
|
| 610 |
1 |
|
|a паровые машины
|
| 610 |
1 |
|
|a плавление
|
| 610 |
1 |
|
|a учебные пособия
|
| 610 |
1 |
|
|a библиотека А. А. Воробьева
|
| 675 |
|
|
|a 53(07)
|v 4
|
| 700 |
|
1 |
|a Вальдгард
|b С. Л.
|
| 801 |
|
1 |
|a RU
|b 63413507
|c 20190604
|
| 801 |
|
2 |
|a RU
|b 63413507
|c 20191031
|g RCR
|
| 942 |
|
|
|c BK
|